000 00485nam a2200193 a 4500
001 1770460530338
003 YourLibrary
005 20260207160835.0
008 260207s2005##################000#0#eng##
020 _a9780415340076
082 0 4 _a306.4
_bFRA
100 1 _aFraser, Mariam,
_eauthor.
245 1 0 _aThe Body :
260 _bTheatre Arts Books,
_c2005.
300 _a348 pages
650 0 _aSocial Science.
942 _cENGLISH
040 _aYourLibrary
_beng
_cYourLibrary
999 _c611231
_d611231